书目信息 |
| 题名: |
数学物理方法
|
|
| 作者: | 陆全康 编 | |
| 分册: | 上册 | |
| 出版信息: | 上海 上海科学技术出版社 1982.1 |
|
| 页数: | 156页 | |
| 开本: | 20cm | |
| 丛书名: | ||
| 单 册: | ||
| 中图分类: | O411.1 | |
| 科图分类: | ||
| 主题词: | 理论物理学 | |
| 电子资源: | ||
| ISBN: | ||
| 000 | 00507nam0 2200181 45 | |
| 001 | 0312221749 | |
| 005 | 20060816173956.54 | |
| 010 | @dCNY0.59 | |
| 100 | @a20031222d1982 km y0chiy0120 ea | |
| 101 | @achi | |
| 200 | 1 | @a数学物理方法@h上册@Ashu xue wu li fang fa@f陆全康编@Flu quan kang bian |
| 210 | @a上海@c上海科学技术出版社@d1982.1 | |
| 215 | @a156页@d20cm | |
| 606 | 0 | @a理论物理学 |
| 690 | @aO411.1@v3 | |
| 701 | 0 | @a陆全康@Alu quan kang@4编 |
| 801 | @aCN@bTSTCL@c20060816 | |
| 905 | @a213230@dO411.1@e10:1 | |
| 数学物理方法.上册/陆全康编.-上海:上海科学技术出版社,1982.1 |
| 156页;20cm |
| ISBN :CNY0.59 |
| ● |
| 相关链接 |
|
|
|
|
正题名:数学物理方法
索取号:O411.1/10:1
 
预约/预借
| 序号 | 登录号 | 条形码 | 馆藏地/架位号 | 状态 | 备注 |
| 1 | 0064730 | 000401103 | 第二样本阅览室/ [索取号:O411.1/10:1] | 在馆 | |
| 2 | 0433535 | 204335353 | 密集书库/ [索取号:O411.1/10:1] | 在馆 | |
| 3 | 0433546 | 204335460 | 密集书库/ [索取号:O411.1/10:1] | 在馆 | |
| 4 | 0433570 | 204335709 | 密集书库/ [索取号:O411.1/10:1] | 在馆 | |
| 5 | 0433634 | 204336343 | 密集书库/ [索取号:O411.1/10:1] | 在馆 | |
| 6 | 0462026 | 204620268 | 密集书库/ [索取号:O411.1/10:1] | 在馆 |